Charte nationale pour la gestion des ressources genetiques

保存先:
書誌詳細
フォーマット: 図書
言語:Undetermined
出版事項: [ France] 1999
主題:
タグ: タグ追加
タグなし, このレコードへの初めてのタグを付けませんか!
Thư viện lưu trữ: Trung tâm Học liệu Trường Đại học Cần Thơ
LEADER 00428nam a2200157Ia 4500
001 CTU_122487
008 210402s9999 xx 000 0 und d
082 |a 341.1 
082 |b C486 
245 0 |a Charte nationale pour la gestion des ressources genetiques 
260 |a [ France] 
260 |c 1999 
650 |a United Nations 
650 |z France 
904 |i M.Loan 
980 |a Trung tâm Học liệu Trường Đại học Cần Thơ